| Tag |
First Indicator |
Second Indicator |
Subfields |
| LEADER |
00000cam a22000001 4500 |
| 001 |
in00000048164 |
| 005 |
20160718084427.0 |
| 008 |
730522s1958 nyuabc d 00000 eng |
| 010 |
|
|
|a 58012181
|
| 035 |
|
|
|a (OCoLC)00921490
|
| 035 |
|
|
|9 AAE2259AM
|
| 040 |
|
|
|a DLC
|c DLC
|d m.c.
|d TXA
|d UtOrBLW
|
| 049 |
|
|
|a TXAS
|c 2
|v 4 [ A08376559]
|v 3 [A08607942]
|v 2 [A08608003]
|v 1 [A08608061]
|a TXAM
|c 1
|v 4 [296690]
|v 3 [296689]
|v 2 [296688]
|v 1 [296687]
|
| 050 |
0 |
0 |
|a QH13
|b .A58
|
| 082 |
0 |
|
|a 574.03
|
| 110 |
2 |
|
|a American Museum of Natural History.
|
| 245 |
1 |
4 |
|a The illustrated library of the natural sciences /
|c Editor: Edward M. Weyer. Art director: Frederick L. Hahn.
|
| 264 |
|
1 |
|a New York :
|b Simon and Schuster,
|c 1958.
|
| 300 |
|
|
|a 4 volumes (xvii, 3042 pages) :
|b illustrations (part color) portraits, maps (part color) ;
|c 23 cm.
|
| 336 |
|
|
|a text
|b txt
|2 rdacontent
|
| 337 |
|
|
|a unmediated
|b n
|2 rdamedia
|
| 338 |
|
|
|a volume
|b nc
|2 rdacarrier
|
| 500 |
|
|
|a The Cushing Library/Lit./Dobie copy was acquired as part of Jeff C. Dykes' J. Frank Dobie Collection.
|
| 650 |
|
0 |
|a Natural history
|v Dictionaries.
|
| 700 |
1 |
|
|a Weyer, Edward Moffat,
|d 1904-1998.
|
| 999 |
|
|
|a MARS
|
| 999 |
f |
f |
|s df542091-e65a-324e-963e-3354de0b0c1d
|i 16dc8d6e-1f92-3110-92bc-95e4e595ae6a
|t 0
|
| 952 |
f |
f |
|p noncirc
|a Texas A&M University
|b College Station
|c Cushing Memorial Library & Archives
|d Cushing: Literature/Dobie (Does not check out)
|t 0
|e QH13 .A58
|h Library of Congress classification
|i unmediated -- volume
|k v.3
|m A14808608003
|
| 952 |
f |
f |
|p ric
|a Texas A&M University
|b Rellis Campus
|c Joint Library Facility
|d Remote Storage
|t 0
|e QH13 .A58
|h Library of Congress classification
|i unmediated -- volume
|k v.1
|m A14800975456
|
| 952 |
f |
f |
|p ric
|a Texas A&M University
|b Rellis Campus
|c Joint Library Facility
|d Remote Storage
|t 0
|e QH13 .A58
|h Library of Congress classification
|i unmediated -- volume
|k v.3
|m A14800975472
|
| 952 |
f |
f |
|p noncirc
|a Texas A&M University
|b College Station
|c Cushing Memorial Library & Archives
|d Cushing: Literature/Dobie (Does not check out)
|t 0
|e QH13 .A58
|h Library of Congress classification
|i unmediated -- volume
|k v.2
|m A14808607942
|
| 952 |
f |
f |
|p noncirc
|a Texas A&M University
|b College Station
|c Cushing Memorial Library & Archives
|d Cushing: Literature/Dobie (Does not check out)
|t 0
|e QH13 .A58
|h Library of Congress classification
|i unmediated -- volume
|k v.4
|m A14808608061
|
| 952 |
f |
f |
|p ric
|a Texas A&M University
|b Rellis Campus
|c Joint Library Facility
|d Remote Storage
|t 0
|e QH13 .A58
|h Library of Congress classification
|i unmediated -- volume
|k v.2
|m A14800975464
|
| 952 |
f |
f |
|p ric
|a Texas A&M University
|b Rellis Campus
|c Joint Library Facility
|d Remote Storage
|t 0
|e QH13 .A58
|h Library of Congress classification
|i unmediated -- volume
|k v.4
|m A14800975480
|
| 952 |
f |
f |
|p noncirc
|a Texas A&M University
|b College Station
|c Cushing Memorial Library & Archives
|d Cushing: Literature/Dobie (Does not check out)
|t 0
|e QH13 .A58
|h Library of Congress classification
|i unmediated -- volume
|k v.1
|m A14808376559
|
| 998 |
f |
f |
|a QH13 .A58
|t 0
|l Remote Storage
|
| 998 |
f |
f |
|a QH13 .A58
|s v.1-v.4
|t 0
|l Cushing: Literature/Dobie (Does not check out)
|